Stockholm Syndrome - One Direction (All Lyrics) - Statistics

General Stats
  • This quiz has been taken 36 times
  • The average score is 275 of 318
Answer Stats
Answer % Correct
i
100%
me
100%
to
100%
you
100%
you!
100%
go
96%
stockholm
96%
syndrome
96%
a
91%
be
91%
been
91%
by
91%
days
91%
for
91%
holding
91%
if
91%
leave
91%
look
91%
never
91%
no
91%
shadow
91%
that
91%
this
91%
way
91%
what
91%
who's
91%
baby
87%
but
87%
done
87%
get
87%
got
87%
here
87%
hostage?
87%
i'll
87%
i'm
87%
is
87%
i've
87%
keep
87%
my
87%
now
87%
oh
87%
you've
87%
and
83%
coming
83%
gonna
83%
know
83%
soon
83%
use
83%
used
83%
away?
78%
being
78%
find
78%
held
78%
his
78%
in
78%
man
78%
mind
78%
telling
78%
tied
78%
whisper
78%
your
78%
down
74%
hand
74%
he's
74%
that's
74%
they'll
74%
changed
70%
eyes?
70%
fell
70%
getting
70%
yeah
70%
about
65%
feel
65%
free
65%
room
65%
talking
65%
sing
61%
place
57%
there's
57%
wanna
57%
ever
52%
i'd
52%
on
52%
other
52%
we're
52%
all
48%
alone
48%
home
48%
life
48%
together
48%
guide
43%
own
43%
light
39%
No matching quizzes found
Score Distribution
Percent of People with Each Score
Percentile by Number Answered
Your Score History
You have not taken this quiz